[Event "AUT-ch Internet"]
[Site "Wilhelm-Steinitz-Stadion"]
[Date "2020.10.04"]
[Round "5"]
[White "Febloh"]
[Black "En#passant"]
[Result "1-0"]
[WhiteElo "2271"]
[BlackElo "2310"]
[PlyCount "65"]
[EventDate "2020.10.04"]
[EventType "blitz"]

1. e4 {[%emt 0:00:03]} c5 {[%emt 0:00:01]} 2. Nf3 {[%emt 0:00:01]} d6 {[%emt 0:00:01]} 3. d4 {[%emt 0:00:01]} cxd4 {[%emt 0:00:01]} 4. Nxd4 {[%emt 0:00:00]} Nf6 {[%emt 0:00:01]} 5. Nc3 {[%emt 0:00:00]} Nc6 {[%emt 0:00:01]} 6. Bg5 {[%emt 0:00:01]} Bd7 {[%emt 0:00:07]} 7. Qd2 {[%emt 0:00:07]} Rc8 {[%emt 0:00:03]} 8. f4 {[%emt 0:00:09]} Qb6 {[%emt 0:00:08]} 9. Nb3 {[%emt 0:00:06]} e6 {[%emt 0:00:03]} 10. O-O-O {[%emt 0:00:05]} Na5 {[%emt 0:01:10]} 11. Be2 {[%emt 0:00:42]} Nxb3+ {[%emt 0:00:09]} 12. axb3 {[%emt 0:00:00]} Rxc3 {[%emt 0:00:11]} 13. Bxf6 {[%emt 0:00:04]} Rc8 {[%emt 0:00:19]} 14. Bd4 {[%emt 0:00:01]} Qxb3 {[%emt 0:00:07]} 15. Kb1 {[%emt 0:00:07]} Qa4 {[%emt 0:00:06]} 16. b3 {[%emt 0:00:06]} Qc6 {[%emt 0:00:05]} 17. Rhe1 {[%emt 0:00:06]} a6 {[%emt 0:00:09]} 18. Bb2 {[%emt 0:00:06]} b5 {[%emt 0:00:04]} 19. Bf3 {[%emt 0:00:23]} Qb6 {[%emt 0:00:07]} 20. f5 {[%emt 0:00:03]} e5 {[%emt 0:00:13]} 21. Bxe5 {[%emt 0:00:02]} a5 {[%emt 0:00:19]} 22. Bd4 {[%emt 0:00:05]} Qa6 {[%emt 0:00:08]} 23. e5 {[%emt 0:00:01]} Bxf5 {[%emt 0:00:03]} 24. exd6+ {[%emt 0:00:02]} Kd7 {[%emt 0:00:00]} 25. Be4 {[%emt 0:00:05]} Be6 {[%emt 0:00:05]} 26. Qf2 {[%emt 0:00:20]} a4 {[%emt 0:00:01]} 27. Bf5 {[%emt 0:00:01]} axb3 {[%emt 0:00:07]} 28. Bxe6+ {[%emt 0:00:06]} fxe6 {[%emt 0:00:00]} 29. cxb3 {[%emt 0:00:03]} Kc6 {[%emt 0:00:08]} 30. Rc1+ {[%emt 0:00:02]} Kb7 {[%emt 0:00:01]} 31. Qf7+ {[%emt 0:00:18]} Kb8 {[%emt 0:00:01]} 32. Rxc8+ {[%emt 0:00:01]} Qxc8 {[%emt 0:00:01]} 33. Qa7# {[%emt 0:00:01] (Lag: Av=0.60s, max=0.9s)} 1-0

[Event "AUT-ch Internet"]
[Site "Wilhelm-Steinitz-Stadion"]
[Date "2020.10.04"]
[Round "5"]
[White "Valentin Dragnev"]
[Black "S Baumegger"]
[Result "1-0"]
[WhiteElo "2236"]
[BlackElo "2184"]
[PlyCount "49"]
[EventDate "2020.10.04"]
[EventType "blitz"]

1. e4 {[%emt 0:00:01]} d5 {[%emt 0:00:02]} 2. exd5 {[%emt 0:00:02]} Qxd5 {[%emt 0:00:00]} 3. Nc3 {[%emt 0:00:00]} Qa5 {[%emt 0:00:01]} 4. g3 {[%emt 0:00:01]} Nf6 {[%emt 0:00:09]} 5. Bg2 {[%emt 0:00:01]} c5 {[%emt 0:00:02]} 6. Nge2 {[%emt 0:00:07]} Nc6 {[%emt 0:00:04]} 7. d4 {[%emt 0:00:04]} e6 {[%emt 0:00:16]} 8. O-O {[%emt 0:00:04]} Be7 {[%emt 0:00:35]} 9. Bd2 {[%emt 0:00:24]} cxd4 {[%emt 0:00:20]} 10. Ne4 {[%emt 0:00:31]} Qb6 {[%emt 0:00:05]} 11. Rb1 {[%emt 0:00:05]} O-O {[%emt 0:00:08]} 12. b4 {[%emt 0:00:00]} e5 {[%emt 0:00:02]} 13. b5 {[%emt 0:00:11]} Na5 {[%emt 0:00:06]} 14. Nxf6+ {[%emt 0:00:19]} Bxf6 {[%emt 0:00:02]} 15. Rb4 {[%emt 0:00:01]} Be6 {[%emt 0:00:05]} 16. c3 {[%emt 0:00:09]} Nc4 {[%emt 0:00:11]} 17. cxd4 {[%emt 0:00:07]} exd4 {[%emt 0:00:14]} 18. Nf4 {[%emt 0:00:02]} Nxd2 {[%emt 0:00:04]} 19. Qxd2 {[%emt 0:00:00]} Rfe8 {[%emt 0:00:20]} 20. h4 {[%emt 0:00:06]} Rad8 {[%emt 0:00:04]} 21. a4 {[%emt 0:00:04]} Qa5 {[%emt 0:00:20]} 22. Bxb7 {[%emt 0:00:09]} Bf5 {[%emt 0:00:22]} 23. Nd5 {[%emt 0:00:14]} Be5 {[%emt 0:00:05]} 24. Rxd4 {[%emt 0:00:04]} Bxd4 {[%emt 0:00:02]} 25. Qxa5 {[%emt 0:00:01] S Baumegger gibt auf (Lag: Av=0.69s, max=1.0s)} 1-0

[Event "AUT-ch Internet"]
[Site "Wilhelm-Steinitz-Stadion"]
[Date "2020.10.04"]
[Round "5"]
[White "Tannika"]
[Black "Lukas Breneis"]
[Result "1/2-1/2"]
[WhiteElo "2143"]
[BlackElo "2117"]
[PlyCount "24"]
[EventDate "2020.10.04"]
[EventType "blitz"]

1. h4 {[%emt 0:00:03]} h5 {[%emt 0:00:03]} 2. b3 {[%emt 0:00:02]} Nf6 {[%emt 0:00:01]} 3. Bb2 {[%emt 0:00:01]} Nc6 {[%emt 0:00:01]} 4. d4 {[%emt 0:00:01]} d6 {[%emt 0:00:04]} 5. Nf3 {[%emt 0:00:05]} Bg4 {[%emt 0:00:03]} 6. e3 {[%emt 0:00:01]} a6 {[%emt 0:00:07]} 7. Be2 {[%emt 0:00:01]} e6 {[%emt 0:00:05]} 8. c4 {[%emt 0:00:05]} Be7 {[%emt 0:00:01]} 9. Nc3 {[%emt 0:00:01]} Qd7 {[%emt 0:00:04]} 10. Qd2 {[%emt 0:00:04]} d5 {[%emt 0:00:16]} 11. cxd5 {[%emt 0:00:05]} exd5 {[%emt 0:00:03]} 12. Rc1 {[%emt 0:00:03]} Bb4 {[%emt 0:00:05] Lukas Breneis bietet Remis (Lag: Av=0.86s, max=1.0s)} 1/2-1/2

[Event "AUT-ch Internet"]
[Site "Wilhelm-Steinitz-Stadion"]
[Date "2020.10.04"]
[Round "6"]
[White "Sackbauer"]
[Black "Valentin Dragnev"]
[Result "0-1"]
[WhiteElo "2451"]
[BlackElo "2251"]
[PlyCount "106"]
[EventDate "2020.10.04"]
[EventType "blitz"]

1. e4 {[%emt 0:00:02]} c5 {[%emt 0:00:01]} 2. Nf3 {[%emt 0:00:02]} e6 {[%emt 0:00:01]} 3. g3 {[%emt 0:00:01]} Nc6 {[%emt 0:00:01]} 4. d4 {[%emt 0:00:02]} cxd4 {[%emt 0:00:00]} 5. Nxd4 {[%emt 0:00:00]} Bc5 {[%emt 0:00:02]} 6. Nb3 {[%emt 0:00:03]} Bb6 {[%emt 0:00:01]} 7. Bg2 {[%emt 0:00:03]} Nf6 {[%emt 0:00:04]} 8. O-O {[%emt 0:00:05]} O-O {[%emt 0:00:02]} 9. c4 {[%emt 0:00:03]} d6 {[%emt 0:00:10]} 10. Nc3 {[%emt 0:00:06] Sackbauer reconnected.} h6 {[%emt 0:00:24]} 11. Na4 {[%emt 0:00:15]} Bc7 {[%emt 0:00:03]} 12. Qe2 {[%emt 0:00:07]} e5 {[%emt 0:00:01]} 13. Be3 {[%emt 0:00:08]} b6 {[%emt 0:00:12]} 14. Rfd1 {[%emt 0:00:09]} Qe7 {[%emt 0:00:03]} 15. Nc3 {[%emt 0:00:04]} Ba6 {[%emt 0:00:11]} 16. Rac1 {[%emt 0:00:19]} Rac8 {[%emt 0:00:01]} 17. Bh3 {[%emt 0:00:10]} Rcd8 {[%emt 0:00:07]} 18. a3 {[%emt 0:00:14]} Rfe8 {[%emt 0:00:04]} 19. Qc2 {[%emt 0:00:28] Sackbauer reconnected.} Bc8 {[%emt 0:01:01]} 20. Bg2 {[%emt 0:00:07] Sackbauer reconnected.} Bb8 {[%emt 0:00:37]} 21. Nd5 {[%emt 0:00:02]} Qf8 {[%emt 0:00:06]} 22. Nxf6+ {[%emt 0:00:11]} gxf6 {[%emt 0:00:00]} 23. Qd2 {[%emt 0:00:01]} Kh7 {[%emt 0:00:01]} 24. Na1 {[%emt 0:00:05]} Na5 {[%emt 0:00:05]} 25. b4 {[%emt 0:00:16]} Nc6 {[%emt 0:00:07] Sackbauer reconnected.} 26. Nb3 {[%emt 0:00:01]} Bg4 {[%emt 0:00:01]} 27. Re1 {[%emt 0:00:07]} Qg7 {[%emt 0:00:05]} 28. a4 {[%emt 0:00:05]} Be6 {[%emt 0:00:02]} 29. b5 {[%emt 0:00:02]} Ne7 {[%emt 0:00:02]} 30. a5 {[%emt 0:00:01]} Bc7 {[%emt 0:00:01]} 31. Qb4 {[%emt 0:00:08]} Ng6 {[%emt 0:00:04]} 32. Nd2 {[%emt 0:00:06]} Nf4 {[%emt 0:00:04]} 33. Bxf4 {[%emt 0:00:06]} exf4 {[%emt 0:00:01]} 34. Nf3 {[%emt 0:00:00]} f5 {[%emt 0:00:06]} 35. axb6 {[%emt 0:00:09]} Bxb6 {[%emt 0:00:02]} 36. Kf1 {[%emt 0:00:20]} fxg3 {[%emt 0:00:02]} 37. hxg3 {[%emt 0:00:01] Sackbauer bietet Remis} Rg8 {[%emt 0:00:04]} 38. Qd2 {[%emt 0:00:04]} Rc8 {[%emt 0:00:05]} 39. exf5 {[%emt 0:00:01]} Bxc4+ {[%emt 0:00:01]} 40. Rxc4 {[%emt 0:00:01]} Rxc4 {[%emt 0:00:00]} 41. Qd3 {[%emt 0:00:04]} Rc3 {[%emt 0:00:02]} 42. Qe4 {[%emt 0:00:01]} Qf6 {[%emt 0:00:05]} 43. Qf4 {[%emt 0:00:02]} Rc2 {[%emt 0:00:02]} 44. Re2 {[%emt 0:00:01]} Rxe2 {[%emt 0:00:01]} 45. Kxe2 {[%emt 0:00:00]} Re8+ {[%emt 0:00:01]} 46. Kd3 {[%emt 0:00:03]} Bxf2 {[%emt 0:00:03]} 47. Nd2 {[%emt 0:00:01]} Be3 {[%emt 0:00:02]} 48. Qh4 {[%emt 0:00:05]} Qxh4 {[%emt 0:00:04]} 49. gxh4 {[%emt 0:00:00]} Bxd2 {[%emt 0:00:01]} 50. Kxd2 {[%emt 0:00:00]} Re5 {[%emt 0:00:01]} 51. Bc6 {[%emt 0:00:01]} Kg7 {[%emt 0:00:01]} 52. Kd3 {[%emt 0:00:01]} Kf6 {[%emt 0:00:01]} 53. Kd4 {[%emt 0:00:01]} Kxf5 {[%emt 0:00:01] Sackbauer gibt auf (Lag: Av=0.76s, max=0.9s)} 0-1

[Event "AUT-ch Internet"]
[Site "Wilhelm-Steinitz-Stadion"]
[Date "2020.10.04"]
[Round "6"]
[White "En#passant"]
[Black "Stefan Kindermann"]
[Result "0-1"]
[WhiteElo "2291"]
[BlackElo "2374"]
[PlyCount "76"]
[EventDate "2020.10.04"]
[EventType "blitz"]

1. Nf3 {[%emt 0:00:02]} f5 {[%emt 0:00:02]} 2. g3 {[%emt 0:00:03]} Nf6 {[%emt 0:00:01]} 3. Bg2 {[%emt 0:00:01]} g6 {[%emt 0:00:01]} 4. O-O {[%emt 0:00:01]} Bg7 {[%emt 0:00:01]} 5. c4 {[%emt 0:00:00]} d6 {[%emt 0:00:01]} 6. d4 {[%emt 0:00:01]} O-O {[%emt 0:00:02]} 7. Nc3 {[%emt 0:00:01]} Qe8 {[%emt 0:00:02]} 8. d5 {[%emt 0:00:03]} a5 {[%emt 0:00:02]} 9. Nd4 {[%emt 0:00:03]} Na6 {[%emt 0:00:02]} 10. Re1 {[%emt 0:00:30]} Bd7 {[%emt 0:00:31]} 11. b3 {[%emt 0:00:20]} Nc5 {[%emt 0:00:13]} 12. Bb2 {[%emt 0:00:12]} c6 {[%emt 0:00:07]} 13. Rb1 {[%emt 0:00:49]} Rc8 {[%emt 0:00:02]} 14. a3 {[%emt 0:00:07]} Qf7 {[%emt 0:00:02]} 15. e3 {[%emt 0:00:09]} Nce4 {[%emt 0:00:05]} 16. dxc6 {[%emt 0:00:40]} bxc6 {[%emt 0:00:02]} 17. Qc2 {[%emt 0:00:10]} c5 {[%emt 0:00:06]} 18. Nde2 {[%emt 0:00:09]} Bc6 {[%emt 0:00:03]} 19. Nf4 {[%emt 0:00:03]} g5 {[%emt 0:00:04]} 20. Nfd5 {[%emt 0:00:02]} Nxd5 {[%emt 0:00:09]} 21. Nxd5 {[%emt 0:00:02]} Bxd5 {[%emt 0:00:02]} 22. cxd5 {[%emt 0:00:01]} Qxd5 {[%emt 0:00:01]} 23. Bxg7 {[%emt 0:00:01]} Kxg7 {[%emt 0:00:01]} 24. Rbd1 {[%emt 0:00:05]} Qe5 {[%emt 0:00:02]} 25. f4 {[%emt 0:00:03]} Qe6 {[%emt 0:00:23]} 26. Bxe4 {[%emt 0:00:07]} fxe4 {[%emt 0:00:01]} 27. fxg5 {[%emt 0:00:02]} Rf3 {[%emt 0:00:06]} 28. Kg2 {[%emt 0:00:04]} Rcf8 {[%emt 0:00:01]} 29. Re2 {[%emt 0:00:01]} Qg4 {[%emt 0:00:06]} 30. Qc3+ {[%emt 0:00:01]} Kg8 {[%emt 0:00:07]} 31. Rde1 {[%emt 0:00:00]} Qf5 {[%emt 0:00:11]} 32. Qc2 {[%emt 0:00:04]} d5 {[%emt 0:00:10]} 33. Rd1 {[%emt 0:00:01]} e6 {[%emt 0:00:20]} 34. Qd2 {[%emt 0:00:02]} Qxg5 {[%emt 0:00:05]} 35. Rde1 {[%emt 0:00:01]} h5 {[%emt 0:00:08]} 36. Qxa5 {[%emt 0:00:04]} h4 {[%emt 0:00:01]} 37. Qc7 {[%emt 0:00:01]} Qf5 {[%emt 0:00:14]} 38. Rc1 {[%emt 0:00:02]} h3+ {[%emt 0:00:02] En#passant gibt auf (Lag: Av=0.57s, max=1.1s)} 0-1

[Event "AUT-ch Internet"]
[Site "Wilhelm-Steinitz-Stadion"]
[Date "2020.10.04"]
[Round "6"]
[White "Febloh"]
[Black "Tannika"]
[Result "1-0"]
[WhiteElo "2290"]
[BlackElo "2142"]
[PlyCount "65"]
[EventDate "2020.10.04"]
[EventType "blitz"]

1. d4 {[%emt 0:00:02]} d5 {[%emt 0:00:00]} 2. Bf4 {[%emt 0:00:02]} Nf6 {[%emt 0:00:02]} 3. e3 {[%emt 0:00:01]} e6 {[%emt 0:00:01]} 4. Nf3 {[%emt 0:00:02]} c5 {[%emt 0:00:06]} 5. Nbd2 {[%emt 0:00:02]} Nc6 {[%emt 0:00:02]} 6. c3 {[%emt 0:00:01]} Bd6 {[%emt 0:00:01]} 7. Bg3 {[%emt 0:00:01]} O-O {[%emt 0:00:02]} 8. Bd3 {[%emt 0:00:01]} b6 {[%emt 0:00:06]} 9. Qe2 {[%emt 0:00:01]} Bb7 {[%emt 0:00:02]} 10. Rd1 {[%emt 0:00:01]} Qe7 {[%emt 0:00:12]} 11. e4 {[%emt 0:00:01]} dxe4 {[%emt 0:00:10]} 12. Nxe4 {[%emt 0:00:01]} Nxe4 {[%emt 0:00:10]} 13. Qxe4 {[%emt 0:00:01]} f5 {[%emt 0:00:01]} 14. Qe2 {[%emt 0:00:09]} cxd4 {[%emt 0:00:24]} 15. cxd4 {[%emt 0:00:02]} Bb4+ {[%emt 0:00:03]} 16. Kf1 {[%emt 0:00:04]} f4 {[%emt 0:00:42]} 17. Bh4 {[%emt 0:00:01]} Qd6 {[%emt 0:00:08]} 18. a3 {[%emt 0:00:36]} Kh8 {[%emt 0:00:33]} 19. axb4 {[%emt 0:00:07]} Nxd4 {[%emt 0:00:01]} 20. Nxd4 {[%emt 0:00:24]} Bxg2+ {[%emt 0:00:02]} 21. Kxg2 {[%emt 0:00:05]} Qxd4 {[%emt 0:00:03]} 22. Qe4 {[%emt 0:00:06]} f3+ {[%emt 0:00:04]} 23. Kh3 {[%emt 0:00:02]} Qxe4 {[%emt 0:00:17]} 24. Bxe4 {[%emt 0:00:01]} Rac8 {[%emt 0:00:00]} 25. Rc1 {[%emt 0:00:03]} Rce8 {[%emt 0:00:06]} 26. Bc6 {[%emt 0:00:08]} Rc8 {[%emt 0:00:04]} 27. Bd7 {[%emt 0:00:02]} Rb8 {[%emt 0:00:04]} 28. Bxe6 {[%emt 0:00:01]} b5 {[%emt 0:00:04]} 29. Rhe1 {[%emt 0:00:03]} h6 {[%emt 0:00:02]} 30. Be7 {[%emt 0:00:06]} Rfe8 {[%emt 0:00:06]} 31. Bf7 {[%emt 0:00:06]} Rec8 {[%emt 0:00:03]} 32. Rxc8+ {[%emt 0:00:01]} Rxc8 {[%emt 0:00:00]} 33. Rd1 {[%emt 0:00:01] Tannika gibt auf (Lag: Av=0.90s, max=1.6s)} 1-0

[Event "AUT-ch Internet"]
[Site "Wilhelm-Steinitz-Stadion"]
[Date "2020.10.04"]
[Round "6"]
[White "Konstantin Peyrer"]
[Black "Pjotr2402"]
[Result "1-0"]
[WhiteElo "2217"]
[BlackElo "2356"]
[Annotator "NA"]
[PlyCount "113"]
[EventDate "2020.10.04"]
[EventType "blitz"]

{Peyrer, Konstantin} 1. e4 {[%emt 0:00:03]} c5 {[%emt 0:00:02]} 2. Nf3 {[%emt 0:00:02]} d6 {[%emt 0:00:01]} 3. d4 {[%emt 0:00:01]} cxd4 {[%emt 0:00:00]} 4. Nxd4 {[%emt 0:00:01]} Nf6 {[%emt 0:00:01]} 5. Nc3 {[%emt 0:00:00]} g6 {[%emt 0:00:01]} 6. Be3 {[%emt 0:00:02]} Bg7 {[%emt 0:00:01]} 7. f3 {[%emt 0:00:00]} Nc6 {[%emt 0:00:01]} 8. Qd2 {[%emt 0:00:01]} O-O {[%emt 0:00:01]} 9. O-O-O {[%emt 0:00:00]} d5 {[%emt 0:00:03]} 10. exd5 {[%emt 0:00:01]} Nxd5 {[%emt 0:00:02]} 11. Nxc6 {[%emt 0:00:00]} bxc6 {[%emt 0:00:01]} 12. Bd4 {[%emt 0:00:00]} Bxd4 {[%emt 0:00:38]} 13. Qxd4 {[%emt 0:00:10]} Qb6 {[%emt 0:00:10]} 14. Ne4 {[%emt 0:00:08]} Ne3 {[%emt 0:00:38]} 15. Rd2 {[%emt 0:00:02]} Qxd4 {[%emt 0:00:07]} 16. Rxd4 {[%emt 0:00:01]} Bf5 {[%emt 0:00:02]} 17. g4 {[%emt 0:00:04]} Be6 {[%emt 0:00:10]} 18. Nc5 {[%emt 0:00:15]} Bd5 {[%emt 0:00:12]} 19. Be2 {[%emt 0:00:02]} e5 {[%emt 0:00:04]} 20. Rd3 {[%emt 0:00:06]} Ng2 {[%emt 0:00:03]} 21. Ne4 {[%emt 0:00:21]} Bxe4 {[%emt 0:00:09]} 22. fxe4 {[%emt 0:00:00]} Nf4 {[%emt 0:00:01]} 23. Re3 {[%emt 0:00:01]} Kg7 {[%emt 0:00:06]} 24. Bc4 {[%emt 0:00:02]} h5 {[%emt 0:00:05]} 25. gxh5 {[%emt 0:00:07]} Nxh5 {[%emt 0:00:02]} 26. Rd1 {[%emt 0:00:04]} Rad8 {[%emt 0:00:06]} 27. Red3 {[%emt 0:00:06]} Rxd3 {[%emt 0:00:30]} 28. Rxd3 {[%emt 0:00:00]} f5 {[%emt 0:00:00]} 29. Rd7+ {[%emt 0:00:08]} Kh6 {[%emt 0:00:01]} 30. Re7 {[%emt 0:00:13]} f4 {[%emt 0:00:26]} 31. Rxe5 {[%emt 0:00:01]} f3 {[%emt 0:00:01]} 32. Kd2 {[%emt 0:00:02]} f2 {[%emt 0:00:08]} 33. Bf1 {[%emt 0:00:03]} Nf4 {[%emt 0:00:01]} 34. Ke3 {[%emt 0:00:05]} Nh5 {[%emt 0:00:05]} 35. Re6 {[%emt 0:00:08]} Kg5 {[%emt 0:00:03]} 36. Rxc6 {[%emt 0:00:07]} Nf6 {[%emt 0:00:01]} 37. Kxf2 {[%emt 0:00:14]} Nxe4+ {[%emt 0:00:02]} 38. Kg1 {[%emt 0:00:01]} Rd8 {[%emt 0:00:03]} 39. Bd3 {[%emt 0:00:02]} Nf6 {[%emt 0:00:01]} 40. a4 {[%emt 0:00:03]} Nh5 {[%emt 0:00:04]} 41. Rxg6+ {[%emt 0:00:02]} Kf4 {[%emt 0:00:01]} 42. Kg2 {[%emt 0:00:05]} Ke3 {[%emt 0:00:02]} 43. Re6+ {[%emt 0:00:01]} Kd2 {[%emt 0:00:01]} 44. Kf3 {[%emt 0:00:02]} Rf8+ {[%emt 0:00:02]} 45. Ke4 {[%emt 0:00:02]} Nf4 {[%emt 0:00:02]} 46. Re7 {[%emt 0:00:03]} Nxd3 {[%emt 0:00:05]} 47. cxd3 {[%emt 0:00:02]} a5 {[%emt 0:00:01]} 48. Re5 {[%emt 0:00:01]} Rb8 {[%emt 0:00:05]} 49. Rxa5 {[%emt 0:00:01]} Rxb2 {[%emt 0:00:01]} 50. d4 {[%emt 0:00:00]} Kc3 {[%emt 0:00:01]} 51. Rc5+ {[%emt 0:00:01]} Kd2 {[%emt 0:00:01]} 52. d5 {[%emt 0:00:02]} Rb4+ {[%emt 0:00:01]} 53. Ke5 {[%emt 0:00:01]} Rxa4 {[%emt 0:00:00]} 54. d6 {[%emt 0:00:01]} Ke3 {[%emt 0:00:02]} 55. d7 {[%emt 0:00:01]} Ra8 {[%emt 0:00:01]} 56. Rc8 {[%emt 0:00:01]} Ra5+ {[%emt 0:00:01]} 57. Ke6 {[%emt 0:00:00] Pjotr2402 gibt auf (Lag: Av=0.83s, max=1.9s)} 1-0

[Event "AUT-ch Internet"]
[Site "Wilhelm-Steinitz-Stadion"]
[Date "2020.10.04"]
[Round "6"]
[White "S Baumegger"]
[Black "Shengel"]
[Result "1-0"]
[WhiteElo "2170"]
[BlackElo "2402"]
[PlyCount "97"]
[EventDate "2020.10.04"]
[EventType "blitz"]

1. c4 {[%emt 0:00:02]} e6 {[%emt 0:00:02]} 2. g3 {[%emt 0:00:02]} d5 {[%emt 0:00:08]} 3. Bg2 {[%emt 0:00:00]} dxc4 {[%emt 0:00:01]} 4. Qa4+ {[%emt 0:00:05]} Bd7 {[%emt 0:00:04]} 5. Qxc4 {[%emt 0:00:01]} Bc6 {[%emt 0:00:02]} 6. Nf3 {[%emt 0:00:03]} Nd7 {[%emt 0:00:18]} 7. O-O {[%emt 0:00:02]} Ngf6 {[%emt 0:00:07]} 8. Nc3 {[%emt 0:00:22]} Be7 {[%emt 0:00:08]} 9. e4 {[%emt 0:00:02]} e5 {[%emt 0:00:11]} 10. d4 {[%emt 0:00:12]} Nb6 {[%emt 0:00:12]} 11. Qe2 {[%emt 0:00:15]} exd4 {[%emt 0:00:04]} 12. Rd1 {[%emt 0:00:01]} O-O {[%emt 0:00:16]} 13. Nxd4 {[%emt 0:00:03]} Nfd7 {[%emt 0:00:16]} 14. Nxc6 {[%emt 0:00:07]} bxc6 {[%emt 0:00:02]} 15. e5 {[%emt 0:00:01]} Bc5 {[%emt 0:00:24]} 16. Bxc6 {[%emt 0:00:09]} Rb8 {[%emt 0:00:01]} 17. e6 {[%emt 0:00:41]} fxe6 {[%emt 0:00:06]} 18. Qxe6+ {[%emt 0:00:22]} Rf7 {[%emt 0:00:01]} 19. Ne4 {[%emt 0:00:02]} Qe7 {[%emt 0:00:26]} 20. Qxe7 {[%emt 0:00:29]} Rxe7 {[%emt 0:00:01]} 21. Bg5 {[%emt 0:00:01]} Re6 {[%emt 0:00:09]} 22. Bxd7 {[%emt 0:00:25]} Nxd7 {[%emt 0:00:06]} 23. Rxd7 {[%emt 0:00:06]} Rxe4 {[%emt 0:00:02]} 24. Rd2 {[%emt 0:00:08]} h6 {[%emt 0:00:04]} 25. Bf4 {[%emt 0:00:02]} Rf8 {[%emt 0:00:02]} 26. Bxc7 {[%emt 0:00:02]} Rxf2 {[%emt 0:00:03]} 27. Rxf2 {[%emt 0:00:02]} Re2 {[%emt 0:00:01]} 28. Raf1 {[%emt 0:00:02]} Rxb2 {[%emt 0:00:01]} 29. a4 {[%emt 0:00:01]} Rc2 {[%emt 0:00:04]} 30. Bb8 {[%emt 0:00:03]} Ra2 {[%emt 0:00:03]} 31. Kg2 {[%emt 0:00:03]} Bxf2 {[%emt 0:00:03]} 32. Rxf2 {[%emt 0:00:01]} Rxa4 {[%emt 0:00:01]} 33. Rb2 {[%emt 0:00:01]} a5 {[%emt 0:00:04]} 34. h4 {[%emt 0:00:01]} Rc4 {[%emt 0:00:03]} 35. Rb7 {[%emt 0:00:01]} Rc5 {[%emt 0:00:03]} 36. Ra7 {[%emt 0:00:02]} Rb5 {[%emt 0:00:02]} 37. Bc7 {[%emt 0:00:01]} g5 {[%emt 0:00:01]} 38. h5 {[%emt 0:00:02]} Rc5 {[%emt 0:00:04]} 39. Kf3 {[%emt 0:00:02]} Rc3+ {[%emt 0:00:03]} 40. Ke4 {[%emt 0:00:01]} a4 {[%emt 0:00:05]} 41. Kf5 {[%emt 0:00:02]} a3 {[%emt 0:00:02]} 42. Be5 {[%emt 0:00:02]} Rf3+ {[%emt 0:00:06]} 43. Kg6 {[%emt 0:00:02]} Kf8 {[%emt 0:00:00]} 44. Kxh6 {[%emt 0:00:04]} g4 {[%emt 0:00:03]} 45. Kg6 {[%emt 0:00:02]} Re3 {[%emt 0:00:02]} 46. Bf6 {[%emt 0:00:01]} Ke8 {[%emt 0:00:01]} 47. h6 {[%emt 0:00:01]} Rxg3 {[%emt 0:00:01]} 48. h7 {[%emt 0:00:01]} Rh3 {[%emt 0:00:00]} 49. h8=Q+ {[%emt 0:00:01] Shengel gibt auf (Lag: Av=0.80s, max=1.5s)} 1-0

[Event "AUT-ch Internet"]
[Site "Wilhelm-Steinitz-Stadion"]
[Date "2020.10.04"]
[Round "6"]
[White "Lukas Breneis"]
[Black "DoHoChess"]
[Result "0-1"]
[WhiteElo "2118"]
[BlackElo "2302"]
[PlyCount "58"]
[EventDate "2020.10.04"]
[EventType "blitz"]

1. g3 {[%emt 0:00:06]} g6 {[%emt 0:00:05]} 2. Bg2 {[%emt 0:00:01]} Bg7 {[%emt 0:00:01]} 3. d4 {[%emt 0:00:01]} d5 {[%emt 0:00:02]} 4. Nf3 {[%emt 0:00:01]} Nd7 {[%emt 0:00:01]} 5. O-O {[%emt 0:00:01]} Ngf6 {[%emt 0:00:01]} 6. Ne5 {[%emt 0:00:24]} O-O {[%emt 0:00:08]} 7. Nc3 {[%emt 0:00:08]} c6 {[%emt 0:00:03]} 8. Nxd7 {[%emt 0:00:23]} Bxd7 {[%emt 0:00:02]} 9. Bf4 {[%emt 0:00:12]} Bf5 {[%emt 0:00:03]} 10. Be5 {[%emt 0:00:14]} Re8 {[%emt 0:00:27]} 11. h3 {[%emt 0:00:16]} Bh6 {[%emt 0:00:02]} 12. f4 {[%emt 0:00:18]} Ne4 {[%emt 0:00:30]} 13. g4 {[%emt 0:00:14]} Nxc3 {[%emt 0:00:03]} 14. bxc3 {[%emt 0:00:00]} Be4 {[%emt 0:00:09]} 15. g5 {[%emt 0:00:08]} Bg7 {[%emt 0:00:22]} 16. Bxg7 {[%emt 0:00:07]} Kxg7 {[%emt 0:00:00]} 17. Bxe4 {[%emt 0:00:12]} dxe4 {[%emt 0:00:00]} 18. Qb1 {[%emt 0:00:09]} Qd7 {[%emt 0:00:09]} 19. Kg2 {[%emt 0:00:01]} f6 {[%emt 0:00:04]} 20. Qb3 {[%emt 0:00:09]} h6 {[%emt 0:00:25]} 21. Rab1 {[%emt 0:00:09]} Rab8 {[%emt 0:00:04]} 22. Rbd1 {[%emt 0:00:14]} hxg5 {[%emt 0:00:03]} 23. fxg5 {[%emt 0:00:00]} Rh8 {[%emt 0:00:01]} 24. Rh1 {[%emt 0:00:04]} Rh5 {[%emt 0:00:02]} 25. gxf6+ {[%emt 0:00:03]} exf6 {[%emt 0:00:00]} 26. Rdg1 {[%emt 0:00:16]} Qf5 {[%emt 0:00:03]} 27. Rf1 {[%emt 0:00:04]} Rg5+ {[%emt 0:00:01]} 28. Kh2 {[%emt 0:00:01]} Qxh3+ {[%emt 0:00:00]} 29. Kxh3 {[%emt 0:00:01]} Rh8# {[%emt 0:00:00] (Lag: Av=0.60s, max=1.0s)} 0-1

[Event "AUT-ch Internet"]
[Site "Wilhelm-Steinitz-Stadion"]
[Date "2020.10.04"]
[Round "7"]
[White "Stefan Kindermann"]
[Black "Konstantin Peyrer"]
[Result "1-0"]
[WhiteElo "2387"]
[BlackElo "2240"]
[PlyCount "51"]
[EventDate "2020.10.04"]
[EventType "blitz"]

{- Peyrer, Konstantin} 1. d4 {[%emt 0:00:03]} Nf6 {[%emt 0:00:02]} 2. Nf3 {[%emt 0:00:01]} c5 {[%emt 0:00:01]} 3. d5 {[%emt 0:00:03]} e6 {[%emt 0:00:01]} 4. Nc3 {[%emt 0:00:02]} b5 {[%emt 0:00:05]} 5. dxe6 {[%emt 0:00:03]} fxe6 {[%emt 0:00:00]} 6. Nxb5 {[%emt 0:00:01]} d5 {[%emt 0:00:01]} 7. c4 {[%emt 0:00:22]} a6 {[%emt 0:00:06]} 8. Nc3 {[%emt 0:00:08]} d4 {[%emt 0:00:03]} 9. Na4 {[%emt 0:00:02]} Bd7 {[%emt 0:00:02]} 10. b3 {[%emt 0:00:13]} Bxa4 {[%emt 0:00:03]} 11. bxa4 {[%emt 0:00:01]} Nc6 {[%emt 0:00:00]} 12. g3 {[%emt 0:00:11]} e5 {[%emt 0:00:13]} 13. Bg2 {[%emt 0:00:05]} e4 {[%emt 0:00:12]} 14. Ng5 {[%emt 0:00:08]} Qe7 {[%emt 0:00:02]} 15. Nxe4 {[%emt 0:00:20]} Nxe4 {[%emt 0:00:05]} 16. Qd3 {[%emt 0:00:01]} g6 {[%emt 0:01:25]} 17. Bxe4 {[%emt 0:00:12]} Nb4 {[%emt 0:00:05]} 18. Qf3 {[%emt 0:00:01]} Rd8 {[%emt 0:00:04]} 19. O-O {[%emt 0:00:12]} Bg7 {[%emt 0:00:02]} 20. a3 {[%emt 0:00:10]} d3 {[%emt 0:00:15]} 21. axb4 {[%emt 0:00:09]} Bxa1 {[%emt 0:00:05]} 22. Bc6+ {[%emt 0:00:02]} Rd7 {[%emt 0:00:02]} 23. exd3 {[%emt 0:00:18]} cxb4 {[%emt 0:00:10]} 24. Bd2 {[%emt 0:00:10]} Bc3 {[%emt 0:00:01]} 25. Re1 {[%emt 0:00:03]} Bxd2 {[%emt 0:00:01]} 26. Bxd7+ {[%emt 0:00:06] Konstantin Peyrer gibt auf (Lag: Av=0.90s, max=1.5s)} 1-0